000 00456nam a2200181Ia 4500
008 170705s9999 xx 000 0 und d
020 _a9780516273853
245 _aAmazing animals /
245 _cBetsy Franco ; illustrated by Jesse Reisch.
260 _aNew York :
260 _bChildren's Press,
260 _c2002
300 _a31 pages :
300 _bcolor illustration ;
300 _c18cm.
440 _aA rookie reader.
500 _a400
999 _c335732
_d335732